LEADER 00608naa a2200145 i 4500 001 000000295018 003 CaOOAMICUS 005 20180831172518.0 008 180831n xx u000 u und u 013 $a2317 040 $aSeMil$bita 100 1 $aKreiner, Armin <1954- >.$0(OLS)http://semarc/name/19871 245 10$aPhilosophische Probleme der pluralistischen Religionstheologie. 773 0 $tChristus allein?.$dFreiburg ; Basel ; Wien : Herder, 1996.$kQuaestiones disputatae $z3-451-02160-9$w()46314 996 $6245$aPhilosophische Probleme der pluralistischen Religionstheologie$9(OLS)http://semarc/title/371088 LEADER 00536nab a2200133 i 4500 001 000000327875 003 CaOOAMICUS 005 20180831173550.0 008 180831n it uu u0 0ita r 013 $a39468 040 $aSeMil$bita 245 12$aL'avete fatto a me... Borse di studio. Pastorale vocazionale. - In [rubrica] :$bLa Fiaccola ricorda. 773 0 $t[MARZO 1998]. - 32 p.$gp.32-[33]$w()290627 996 $6245$aL'avete fatto a me... Borse di studio. Pastorale vocazionale. - In [rubrica] :$bLa Fiaccola ricorda.$9(OLS)http://semarc/title/398507